Public state and public policy: A study of neoliberalism and precarity (Record no. 531200)

000 -LEADER
fixed length control field 01219nam a22001457a 4500
008 - FIXED-LENGTH DATA ELEMENTS--GENERAL INFORMATION
fixed length control field 250801b ||||| |||| 00| 0 eng d
100 ## - MAIN ENTRY--PERSONAL NAME
Personal name Rai, Dhananjay
245 ## - TITLE STATEMENT
Title Public state and public policy: A study of neoliberalism and precarity
260 ## - PUBLICATION, DISTRIBUTION, ETC. (IMPRINT)
Place of publication, distribution, etc Indian Journal of Public Administration
300 ## - PHYSICAL DESCRIPTION
Extent 71(2), Jun, 2025: p.232-248
520 ## - SUMMARY, ETC.
Summary, etc This article underscores the idea of the public state for public policy in the context of neoliberalism and precarity. Since neoliberalism makes the public state-led public policy, not acceptable entities, it also accentuates scaled precarity. Against this backdrop, the article highlights the significance of the public state through its twin principles (people’s possibilities and policy possibilities) for public policy. Finally, the article highlights the direct impact of the neoliberal state on public policy while suggesting a slew of measures for the recovery of the public state and public policy.- Reproduced

https://journals.sagepub.com/doi/full/10.1177/00195561251335558
650 ## - SUBJECT ADDED ENTRY--TOPICAL TERM
Topical term or geographic name as entry element Public sate, public policy, Precarity, Neoliberalism, Neoliberal state.
9 (RLIN) 55900
773 ## - HOST ITEM ENTRY
Main entry heading Indian Journal of Public Administration
942 ## - ADDED ENTRY ELEMENTS (KOHA)
Item type Articles

No items available.

Powered by Koha